Statistics for Guess the countries + territories that start with F

Click here to take the quiz!

General Stats

  • This quiz has been taken 39 times
  • The average score is 5 of 6

Answer Stats

Answer% Correct
Finland
100%
Fiji
94%
France
94%
Faroe Islands
84%
Falkland Islands
78%
French Polynesia
53%

Score Distribution

Percentile by Number Answered

Percent of People with Each Score

Your Score History

You have not taken this quiz